000 00377cam a2200145ua 4500
003 OSt
008 250602b |||||||| |||| 00| 0 eng d
041 _aeng
082 _a624.171
_bMAR/SO
100 _aMarshall, W T .
_97516
245 _aSolution of problems in structures /
260 _aLondon :
_bSir Isaac Pitman & Sons Ltd ,
_c1958.
300 _a343 ; .
942 _cBK
999 _c10102
_d10102